Materials for Safe Pressure Vessels
Esta animacin̤ muestra cm̤o escoger materiales para fabricar recipientes esfřicos a presin̤ de tal forma que cedan o dejen filtrar antes de que se presenten fracturas. La exigencia comn͠ en ingeniera̕ es que un diseǫ falle de manera segura si debe fallar. Una falla por fractura no es segura para r...
Guardado en:
| Otros Autores: | , |
|---|---|
| Formato: | Libro |
| Lenguaje: | inglés |
| Materias: | |
| Acceso en línea: | Materials for Safe Pressure Vessels |
| Etiquetas: |
Agregar Etiqueta
Sin Etiquetas, Sea el primero en etiquetar este registro!
|
MARC
| LEADER | 00000nam a22000004a 4500 | ||
|---|---|---|---|
| 001 | vpro9837 | ||
| 005 | 20201223000000.0 | ||
| 008 | 160415s2016 ck # g## #001 0#eng#d | ||
| 020 | |||
| 022 | |||
| 040 | |a CO-BoINGC | ||
| 041 | 0 | |a eng | |
| 245 | 1 | 0 | |a Materials for Safe Pressure Vessels |
| 246 | |a Materiales para recipientes a presin̤ seguros | ||
| 264 | |a Bogot ̀(Colombia) : |b Revista VirtualPRO, |c 2016 | ||
| 520 | 3 | |a Esta animacin̤ muestra cm̤o escoger materiales para fabricar recipientes esfřicos a presin̤ de tal forma que cedan o dejen filtrar antes de que se presenten fracturas. La exigencia comn͠ en ingeniera̕ es que un diseǫ falle de manera segura si debe fallar. Una falla por fractura no es segura para recipientes a presin̤. | |
| 650 | \ | \ | |a TecnologƯ̕a de los materiales |
| 650 | \ | \ | |a Materiales |
| 650 | \ | \ | |a Materials engineering |
| 650 | \ | \ | |a Materials |
| 650 | \ | \ | |a ciencia de materiales |
| 650 | \ | \ | |a acero |
| 650 | \ | \ | |a aleaciones |
| 650 | \ | \ | |a polm̕eros |
| 650 | \ | \ | |a recipientes a presin̤ |
| 650 | \ | \ | |a resistencia a la factura |
| 650 | \ | \ | |a tensin̤ |
| 650 | \ | \ | |a md̤ulo de Young |
| 650 | \ | \ | |a seguridad |
| 650 | \ | \ | |a diseǫ |
| 650 | \ | \ | |a materials science |
| 650 | \ | \ | |a steel |
| 650 | \ | \ | |a alloys |
| 650 | \ | \ | |a polymers |
| 650 | \ | \ | |a pressure vessels |
| 650 | \ | \ | |a fracture toughness |
| 650 | \ | \ | |a stress |
| 650 | \ | \ | |a Youngs modulus |
| 650 | \ | \ | |a safety |
| 650 | \ | \ | |a design |
| 700 | \ | \ | |a Ashby M.F. |
| 700 | \ | \ | |a CORE-Materials |
| 856 | |z Materials for Safe Pressure Vessels |u https://virtualpro.unach.elogim.com/biblioteca/materiales-para-recipientes-a-presion-seguros | ||